Ordinateur sans voyelle - Statistiques

Statistiques générales
  • Ce quiz a été pris 42 fois
  • Le résultat moyen est 11 sur 15
Statistiques - réponses
Hint Réponse % Correct
PRCSSR Processeur
100%
CRT MR Carte mère
95%
DSQ DR Disque dur
95%
SRS Souris
89%
CLVR Clavier
86%
VNTLTR Ventilateur
86%
HT PRLR Haut parleur
84%
DSQTT Disquette
81%
MMR VV Mémoire vive
73%
CRT SN Carte son
68%
MNTR Moniteur
68%
CRT RS Carte réseau
59%
LMNTTN Alimentation
32%
VNTRD Ventirad
30%
BTR Boitier
24%
Aucun quiz correspondant
Distribution des résultats
% des personnes avec chaque résultat
Percentile par nombre de réponses
Votre historique - résultats
Vous n’avez pas pris ce quiz